000 00323 a2200157 4500
001 74821
020 _a978850212775-3
040 _cAnchieta - Colégio São Paulo
100 _aDegenszajn, David
240 1 0 _aConecte
_lpor
245 1 0 _aConecte
300 _a380
362 0 _a0
650 4 _aMatemática
942 _cBK
999 _c74821
_d74821